|
|
|
|
| LEADER |
00000nam a22000007a 4500 |
| 005 |
20220901230446.0 |
| 007 |
cr|||| |||| |
| 008 |
220901s2022 es |||||s|||| 00||0 spa d |
| 020 |
|
|
|a 978-84-19045-27-0
|
| 035 |
|
|
|a 36331
|
| 040 |
|
|
|a vLex
|
| 090 |
|
|
|c 13870
|d 13870
|
| 100 |
1 |
|
|a Mireia Hernǹdez, Esteban
|
| 245 |
1 |
0 |
|a Plagio y lingüs̕tica forense
|h [Recurso electrn̤ico] /
|c Esteban Mireia Hernǹdez
|
| 256 |
|
|
|a Servicio en ln̕ea
|
| 260 |
|
|
|a Barcelona:
|b J.M. Bosch Editor,
|c 2022
|
| 300 |
|
|
|a 1 recurso electrn̤ico
|
| 506 |
1 |
|
|a Disponible solo en los productos indicados
|d vLex Global
|d vLex Global (Academic Edition, excluding Law Schools)
|d vLex Global (U.S. Academic Edition, Law Schools)
|d vLex Global (U.S. Academic Edition, excluding Law Schools)
|d vLex Global (Academic Edition, Law Schools)
|
| 650 |
0 |
4 |
|a Derecho Penal
|z Espaą
|
| 740 |
0 |
|
|a vLex Libros (Servicio en ln̕ea)
|
| 856 |
4 |
0 |
|u https://app.vlex.com/#/sources/36331
|z Acceso restringido
|
| 942 |
|
|
|c BOOK
|
| 999 |
0 |
|
|a Criminal law
|